Las formas de los dioses : categorías y clasificaciones en el candomblé /

Indagación de la lógica que orienta las creencias y prácticas del candomblé y la forma en que ello da sentido a sus prácticantes. El candomblé es un culto negro originario de Brasil, aunque se ha extendido a otros países de Latinoamérica.

Guardat en:
Dades bibliogràfiques
Autor principal: Giobellina Brumana, Fernando (autor)
Format: Llibre
Idioma:espanyol
Publicat: Cádiz, España : Universidad de Cádiz, 1994, c1994
Matèries:
Etiquetes: Afegir etiqueta
Sense etiquetes, Sigues el primer a etiquetar aquest registre!

MARC

LEADER 00000nam^a2200000^a^4500
001 000321298
005 20250521000000.0
009 20260310113537.321
020 |a 84-7786-135-8 
037 |a Acervo ITESO - Biblioteca 
041 |a ESP 
082 |a 299. 60981  |b GIO 
100 |a Giobellina Brumana, Fernando  |e (autor) 
245 1 4 |a Las formas de los dioses :  |b categorías y clasificaciones en el candomblé /  |c F. Giobellina Brumana. 
264 4 |a Cádiz, España :  |b Universidad de Cádiz,  |c 1994, c1994 
300 |a 437 p. 
336 |a texto  |b txt  |2 rdacontenido 
337 |a sin mediación  |b n  |2 rdamedio 
338 |a volumen  |b nc  |2 rdasoporte 
520 |a Indagación de la lógica que orienta las creencias y prácticas del candomblé y la forma en que ello da sentido a sus prácticantes. El candomblé es un culto negro originario de Brasil, aunque se ha extendido a otros países de Latinoamérica. 
649 |a XX 
650 |a Negros en Brasil 
650 |a Candomblé -  |x Tema Principal 
650 |a Candomblé -  |z Brasil -  |x Tema Principal 
650 |a Yoruba (Religión) -  |z Brasil 
650 |a Identidad Cultural -  |z Brasil 
650 |a Prácticas Culturales -  |z Brasil 
650 |a Magia -  |z Brasil 
650 |a Religiones Afroamericanas -  |z Brasil 
650 |a Religion -  |z Brasil 
650 |a Antropología Cultural 
910 |a Fondo General 
920 |a Impresos - Libros 
930 |a Colección General 
905 |a 101 
901 |a 0500208239  |b IT1  |c ACC  |i C131683  |u 20250521 
902 |a https://opac.biblio.iteso.mx/vufind/Record/000321298